00626 2200217 4500001002100000005001500021035002000036008004100056245010200097100002000199260002600219300003100245020001800276084001600294082001000310650001700320700002600337700002300363250001000386990001200396INLIS00000000001631620230531110128 a0010-0523000076230531 e 1 ind 1 aPsycho Bank vol.3 /cNaoki Serizawa; alih bahasa, Nickyta Oliver Fonda; editor, Seryan Wira Ganda aSERIZAWA, Naoki aJakarta :bM&C,c2019 a208 hal. :bilus. ;c17 cm a9786024805210 a741.5 SER p a741.5 4aKOMIK.BACAAN0 aNICKYTA, Oliver Fonda0 aSERYAN, Wira Ganda acet.1 a11133 a